000 00967nas a2200313 4500
001 BR2013000002
003 BR-BrBNA
005 20231205121727.0
007 ta
008 230509b bl.|||p| |||| 00| 00por d
040 _aBR-BrBNA
_bpor
_cBiblioteca Nacional de Agricultura
041 _a(Pt)
072 _aF02
100 1 _aSilva, A.B.
100 1 _aPasqual, M.
100 1 _aAraujo, A.G. de
100 1 _aBraga, F.T.
100 1 _aCastro, E.M. de
100 1 _aAlbert, L.H. de B.
245 1 _aMorfofisiologia e anatomia foliar de mudas micropropagadas e aclimatizadas de abacaxizeiro cv. Smooth Cayenne em diferentes substratos
650 _aABACAXI
650 _aMUDA
650 _aCULTURA DE TECIDO
650 _aSUBSTRATO DE CULTURA
650 _aACLIMATAÇÃO
773 0 _tRevista Ceres (Brazil)
_xISSN 0034-737X
_g(Sep-Oct 2012), v. 59(5) p. 580-586
_wBR2013000002
909 _a202311
_bLúcia
_c55
_dLúcia Elande
942 _2AGRIS
_n0
_cANA
999 _c224928
_d224928